Statystyki dla Lista top 10 piłkarzy

Kliknij tutaj aby rozwiązać quiz!

Ogólne statystyki

  • Ten quiz został rozwiązany 124 razy
  • Średni wynik to 3 z 10

Statystyki odpowiedzi

% Poprawnych
4.Lionel Messi
93%
6.Kylian Mbappe
66%
5.Erling Haaland
50%
1.Grzegorz Krychowiak
19%
3.Michał Pazdan
13%
2.Jakub Wawrzyniak
9%
10.Arkadiusz Milik
6%
7.Zbigniew Boniek
4%
8.Sławomir Peszko
3%
9.Thiago Rangel Cionek
0%

Rozkład punktacji

Percentyl według liczby udzielonych odpowiedzi

Procent ludzi z każdym wynikiem

Twoja historia wyników

Nie rozwiązałeś tego quizu